|
|
|
|
| LEADER |
00000nab a2200000 a 4500 |
| 001 |
vtls008417501 |
| 003 |
SK-MaSNL |
| 005 |
20260303070031.0 |
| 008 |
160321 2005 xo mr er 000 0 cze |
| 015 |
|
|
|a SNBRB2005/12
|
| 038 |
|
|
|a KEVKJB
|
| 040 |
|
|
|a VKJB
|b slo
|c VKJB
|e AACR2
|
| 041 |
0 |
|
|a cze
|
| 044 |
|
|
|a xo
|c SK
|
| 080 |
|
|
|a 908
|x (437.1)
|x (437.6)
|2 UDC-MRF-SK2
|
| 080 |
|
|
|a 929 Hálek, Ivan
|2 UDC-MRF-SK2
|
| 080 |
|
|
|a 929 Hálková, Dorotka
|2 UDC-MRF-SK2
|
| 100 |
1 |
|
|a Szántó, J.
|4 aut
|9 664757
|
| 245 |
1 |
0 |
|a Spočine ve společném hrobě s manželem ?
|c J.Szántó
|
| 300 |
|
|
|b Obr.
|
| 600 |
1 |
7 |
|a Hálková, Dorotka
|2 kevkjb
|9 1066938
|
| 600 |
1 |
7 |
|a Hálek, Ivan,
|d 1872-1945
|2 kevkjb
|9 38553
|
| 650 |
0 |
7 |
|a životné osudy
|2 kevkjb
|9 312576
|
| 651 |
|
7 |
|a Žilina (Slovensko)
|2 kevkjb
|9 28812
|
| 773 |
0 |
|
|t Česká beseda
|g Roč. XI., č. 10-11 (2005), s. 14
|x 1335-4353
|
| 852 |
|
|
|a KEVKJB
|b KIS3GCP
|
| 958 |
|
|
|a CZ
|
| 958 |
|
|
|a BC
|
| 999 |
|
|
|c 1753632
|d 1755562
|